Normal view
MARC view
- Asad Tariq
Entry Personal Name
001 - CONTROL NUMBER
- control field: 92136
003 - CONTROL NUMBER IDENTIFIER
- control field: NUST
005 - DATE AND TIME OF LATEST TRANSACTION
- control field: 20220701201537.0
008 - FIXED-LENGTH DATA ELEMENTS
- fixed length control field: 220701|| aca||aabn | a|a d
040 ## - CATALOGING SOURCE
- Original cataloging agency: NUST
- Transcribing agency: NUST
100 ## - HEADING--PERSONAL NAME
- Personal name: Asad Tariq
670 ## - SOURCE DATA FOUND
- Source citation: Work cat.: (NUST)13240: Asad Tariq, Smart charge controller for efficient load balancing, 2015
